000 00543cam a2200193 4500
001 D2219
008 090401t1933 xxu||||| |||| 00| 0 eng d
035 _a(Sirsi) u68137
041 _aeng
050 _a380.1
100 _aCave, J. Otway
245 _aAuctioneering and estate agency outlined, being a practical guide to the training of an auctioneer, valuer and estate agent
260 _aLondon
_bEstates Gazette
_c1933
300 _a324p. 22cm
350 _a0.83
700 _aKevan, Herbert J.
942 _n0
948 _c04/03/1997
999 _c95075
_d95075